Normal view
MARC view
Entry Personal Name
001 - CONTROL NUMBER
- control field: 157473
003 - CONTROL NUMBER IDENTIFIER
- control field: OSt
005 - DATE AND TIME OF LATEST TRANSACTION
- control field: 20220923211035.0
008 - FIXED-LENGTH DATA ELEMENTS
- fixed length control field: 220923|| aca||aabn | a|a d
040 ## - CATALOGING SOURCE
- Original cataloging agency: OSt
- Transcribing agency: OSt
100 ## - HEADING--PERSONAL NAME
- Personal name: डंगवाल, परमेश; वशिष्ठ, सरोज, अनु
670 ## - SOURCE DATA FOUND
- Source citation: Work cat.: (OSt)294369: डंगवाल, परमेश; वशिष्ठ, सरोज, अनु., हिम्मत है !, 1996
